[Event "FIN-chT 2022"]
[Site "Finland"]
[Date "2022.04.10"]
[Round "2.4"]
[White "Pietarinen, Petri"]
[Black "Pitkaaho, Aki"]
[Result "0-1"]
[WhiteElo "2060"]
[BlackElo "2188"]
[PlyCount "30"]
[EventDate "2020.09.12"]
[EventType "team-tourn"]
[EventRounds "11"]
[EventCountry "FIN"]
[SourceTitle "EXT 2023"]
[Source "ChessBase"]
[SourceDate "2022.10.05"]
[SourceVersion "1"]
[SourceVersionDate "2022.10.05"]
[SourceQuality "1"]
[WhiteTeam "Tampere Tammer"]
[BlackTeam "Sastamala VammSK II"]
[WhiteTeamCountry "FIN"]
[BlackTeamCountry "FIN"]

1. e4 e6 2. d4 d5 3. Nc3 Nf6 4. e5 Nfd7 5. f4 c5 6. Nf3 Nc6 7. Be3 Be7 8. Qd2 0-0 9. dxc5 Qa5 10. 0-0-0 b6 11. Bb5 Nb4 12. a3 bxc5 13. axb4 cxb4 14. Bxd7 bxc3 15. Qxc3 Bb4 0-1

[Event "FIN-chT1A 1819"]
[Site "Finland"]
[Date "2018.12.08"]
[Round "4.3"]
[White "Pietarinen, Petri"]
[Black "Hellen, Bo"]
[Result "1/2-1/2"]
[WhiteElo "2080"]
[BlackElo "2020"]
[PlyCount "120"]
[EventDate "2018.09.15"]
[EventType "team-tourn"]
[EventRounds "7"]
[EventCountry "FIN"]
[SourceTitle "EXT 2020"]
[Source "ChessBase"]
[SourceDate "2019.10.17"]
[SourceVersion "1"]
[SourceVersionDate "2019.10.17"]
[SourceQuality "1"]
[WhiteTeam "Tampere Tammer II"]
[BlackTeam "Karjaa KarjUra"]
[WhiteTeamCountry "FIN"]
[BlackTeamCountry "FIN"]

1. e4 c5 2. Nf3 Nc6 3. Bb5 g6 4. 0-0 Bg7 5. Nc3 e5 6. d3 h6 7. Be3 Nd4 8. Bc4 Ne7 9. a4 0-0 10. Nd5 d6 11. c3 Nxf3+ 12. Qxf3 Nxd5 13. Bxd5 Qe7 14. Qg3 g5 15. f3 Be6 16. Bxe6 Qxe6 17. h4 f6 18. c4 Rf7 19. Bd2 Kf8 20. Kh2 Ke7 21. Qh3 f5 22. hxg5 hxg5 23. Bxg5+ Kd7 24. exf5 Rxf5 25. Qg4 Rg8 26. Bh4 Bf6 27. Qe4 Rh5 28. Qxb7+ Ke8 29. Qb8+ Ke7 30. Qxa7+ Qd7 31. Qxd7+ Kxd7 32. g4 Rxh4+ 33. Kg2 d5 34. Rh1 Rb8 35. Rxh4 Bxh4 36. a5 Rxb2+ 37. Kh3 Bg5 38. a6 Rb8 39. a7 Ra8 40. Ra6 dxc4 41. dxc4 Kc7 42. Rg6 Rh8+ 43. Kg2 Bf4 44. Rg7+ Kb6 45. g5 Ra8 46. g6 Bh6 47. Rh7 Bf8 48. Rf7 Bh6 49. Rh7 Bf8 50. g7 Bxg7 51. Rxg7 Rxa7 52. Rxa7 Kxa7 53. Kg3 Kb6 54. Kg4 Ka5 55. Kf5 Kb4 56. Kxe5 Kxc4 57. f4 Kd3 58. f5 c4 59. f6 c3 60. f7 c2 1/2-1/2

[Event "FIN-chT1B 1617"]
[Site "Finland"]
[Date "2017.01.14"]
[Round "5.3"]
[White "Hagelberg, Lauri"]
[Black "Pietarinen, Petri"]
[Result "1/2-1/2"]
[WhiteElo "1973"]
[BlackElo "2083"]
[PlyCount "60"]
[EventDate "2016.09.17"]
[EventType "team-tourn"]
[EventRounds "7"]
[EventCountry "FIN"]
[SourceTitle "EXT 2019"]
[Source "ChessBase"]
[SourceDate "2018.10.10"]
[SourceVersion "1"]
[SourceVersionDate "2018.10.10"]
[SourceQuality "1"]
[WhiteTeam "Lahti S"]
[BlackTeam "Tampere Tammer III"]
[WhiteTeamCountry "FIN"]
[BlackTeamCountry "FIN"]

1. d4 d5 2. c4 e6 3. Nc3 c5 4. cxd5 exd5 5. Nf3 Nc6 6. g3 Nf6 7. Bg2 Be7 8. 0-0 0-0 9. Bg5 c4 10. Ne5 Be6 11. e4 Nxe4 12. Nxe4 dxe4 13. Nxc6 bxc6 14. Bxe7 Qxe7 15. Bxe4 Bd5 16. Bxd5 cxd5 17. Re1 Qb4 18. Re2 Qb6 19. Qd2 Rab8 20. Rae1 h6 21. Qf4 Qf6 22. Qe5 Qxe5 23. Rxe5 Rxb2 24. Rxd5 Rxa2 25. Rc5 Rc2 26. Re7 Rc1+ 27. Kg2 a6 28. Ra7 c3 29. Rxa6 Rd8 30. Rac6 Rxd4 1/2-1/2

[Event "FIN-chT1A 1617"]
[Site "Finland"]
[Date "2016.10.09"]
[Round "4.6"]
[White "Pietarinen, Petri"]
[Black "Sarkkinen, Heikki"]
[Result "1-0"]
[WhiteElo "2083"]
[BlackElo "2005"]
[PlyCount "109"]
[EventDate "2016.09.17"]
[EventType "team-tourn"]
[EventRounds "7"]
[EventCountry "FIN"]
[SourceTitle "EXT 2019"]
[Source "ChessBase"]
[SourceDate "2018.10.10"]
[SourceVersion "1"]
[SourceVersionDate "2018.10.10"]
[SourceQuality "1"]
[WhiteTeam "Tampere Tammer II"]
[BlackTeam "Raahe Li"]
[WhiteTeamCountry "FIN"]
[BlackTeamCountry "FIN"]

1. e4 d5 2. exd5 Qxd5 3. Nc3 Qd6 4. d4 c6 5. Nf3 Bf5 6. g3 Nf6 7. Bg2 e6 8. 0-0 Be7 9. Ne5 0-0 10. a3 h6 11. Bf4 Qd8 12. Ne2 Qb6 13. b4 Nd5 14. Bd2 Rd8 15. c4 Nf6 16. Be3 Ng4 17. Nxg4 Bxg4 18. h3 Bh5 19. Be4 f5 20. Bg2 g5 21. Qc2 Qc7 22. g4 Bg6 23. Ng3 Rf8 24. gxf5 exf5 25. d5 Kh7 26. Bd4 cxd5 27. Bxd5 Nc6 28. Bb2 Bf6 29. Bxf6 Rxf6 30. Qc3 Rff8 31. Rfe1 Rae8 32. Rad1 Nd8 33. Rxe8 Rxe8 34. Qf6 Qe7 35. Bg8+ Kxg8 36. Qxg6+ Kh8 37. Qxh6+ Qh7 38. Qxg5 Nf7 39. Qf6+ Qg7 40. Qxg7+ Kxg7 41. Nxf5+ Kf6 42. Ng3 Ne5 43. c5 Nf3+ 44. Kf1 Ke5 45. h4 Kf4 46. h5 Re7 47. Rc1 Kg4 48. Rc4+ Kh3 49. Ne4 Rxe4 50. Rxe4 Nd2+ 51. Ke2 Nxe4 52. h6 Nf6 53. b5 Kh4 54. c6 bxc6 55. bxc6 1-0

[Event "FIN-chT2 Gp2 1516"]
[Site "Finland"]
[Date "2016.03.12"]
[Round "7.1"]
[White "Salo, Tapio"]
[Black "Pietarinen, Petri"]
[Result "0-1"]
[WhiteElo "2290"]
[BlackElo "2074"]
[PlyCount "154"]
[EventDate "2015.09.12"]
[EventType "team-tourn"]
[EventRounds "6"]
[EventCountry "FIN"]
[SourceTitle "EXT 2017"]
[Source "ChessBase"]
[SourceDate "2016.10.25"]
[SourceVersion "1"]
[SourceVersionDate "2016.10.25"]
[SourceQuality "1"]
[WhiteTeam "Loimaa SK"]
[BlackTeam "Tampere Tammer IV"]
[WhiteTeamCountry "FIN"]
[BlackTeamCountry "FIN"]

1. Nf3 d5 2. d4 c5 3. c4 e6 4. cxd5 exd5 5. g3 Nf6 6. Bg2 Nc6 7. 0-0 Be7 8. Nc3 0-0 9. Bg5 c4 10. Ne5 Be6 11. e3 h6 12. Bxf6 Bxf6 13. f4 Bxe5 14. dxe5 d4 15. exd4 Qxd4+ 16. Qxd4 Nxd4 17. Rf2 Rab8 18. Rd2 Nc6 19. Kf2 Ne7 20. Nb5 a6 21. Nd6 b5 22. Be4 g6 23. a3 Rfd8 24. Rad1 Rd7 25. Bf3 h5 26. Ne4 Rxd2+ 27. Rxd2 Kg7 28. Nc5 Bc8 29. Rd8 b4 30. Nxa6 bxa3 31. Nxb8 axb2 32. Rxc8 b1Q 33. Rxc4 Qxb8 34. Rc2 Qb6+ 35. Kg2 Nf5 36. Re2 Ne3+ 37. Kf2 Ng4+ 38. Kg2 Qd4 39. Bxg4 hxg4 40. h3 Qd1 41. Rf2 gxh3+ 42. Kxh3 Qh1+ 43. Rh2 Qf3 44. Rb2 g5 45. fxg5 Qf5+ 46. Kg2 Qxe5 47. Rf2 Qxg5 48. Rf4 Kg6 49. Kh2 f5 50. Kg2 Kf6 51. Kh2 Ke5 52. Kg2 Qh6 53. Rf2 Qh5 54. Rf4 Qd1 55. Kh2 Qd2+ 56. Kg1 Qe2 57. Kh1 Qd3 58. Kh2 Qe3 59. Kg2 Qc1 60. Rf2 Ke4 61. Rf4+ Ke3 62. Rf3+ Ke4 63. Rf4+ Ke5 64. Rf2 Qc6+ 65. Kg1 Ke4 66. Rf4+ Ke3 67. Kh2 Qd5 68. Kg1 Qe4 69. Rf1 Qc2 70. Rf4 Qe2 71. Kh1 Qh5+ 72. Kg2 Qd1 73. Kh2 Qc2+ 74. Kg1 Qe4 75. Rf1 Qg4 76. Kg2 Qe2+ 77. Kg1 Qxf1+ 0-1

[Event "FIN-chT1A 1415"]
[Site "Finland"]
[Date "2014.11.15"]
[Round "3.5"]
[White "Kivimaki, Jaakko"]
[Black "Pietarinen, Petri"]
[Result "1-0"]
[WhiteElo "2146"]
[BlackElo "2084"]
[PlyCount "87"]
[EventDate "2014.09.27"]
[EventType "team-tourn"]
[EventRounds "7"]
[EventCountry "FIN"]
[SourceTitle "EXT 2017"]
[Source "ChessBase"]
[SourceDate "2016.10.25"]
[SourceVersion "1"]
[SourceVersionDate "2016.10.25"]
[SourceQuality "1"]
[WhiteTeam "Helsinki KS 58"]
[BlackTeam "Tampere Tammer II"]
[WhiteTeamCountry "FIN"]
[BlackTeamCountry "FIN"]

1. d4 d5 2. Nf3 Nf6 3. e3 Bf5 4. Nbd2 e6 5. Ne5 Nbd7 6. g4 Nxe5 7. gxf5 Ned7 8. fxe6 fxe6 9. c4 Bb4 10. Qb3 c5 11. dxc5 Bxc5 12. Bg2 Qb6 13. cxd5 Qxb3 14. Nxb3 Bb4+ 15. Ke2 exd5 16. Rd1 Nb6 17. Bd2 Bxd2 18. Rxd2 0-0-0 19. Nd4 Rhe8 20. a4 Kb8 21. a5 Nc4 22. Rc2 a6 23. b3 Nd6 24. Rac1 Rc8 25. Rxc8+ Rxc8 26. Rxc8+ Kxc8 27. Bh3+ Kc7 28. f3 g6 29. Kd3 Nf7 30. b4 Ne5+ 31. Kc3 Kd6 32. Bg2 Nc6 33. h3 Nxd4 34. Kxd4 Ne8 35. e4 dxe4 36. fxe4 Ng7 37. e5+ Kc7 38. Kd5 Nf5 39. Ke6 Ne3 40. Be4 Nc4 41. Kf6 b6 42. axb6+ Nxb6 43. e6 Nc8 44. Bd3 1-0

[Event "FIN-chT1 East 1314"]
[Site "Finland"]
[Date "2014.03.08"]
[Round "7.6"]
[White "Koskinen, Mika"]
[Black "Pietarinen, Petri"]
[Result "1/2-1/2"]
[WhiteElo "2108"]
[BlackElo "2108"]
[PlyCount "29"]
[EventDate "2013.09.21"]
[EventType "team-tourn"]
[EventRounds "9"]
[EventCountry "FIN"]
[SourceTitle "EXT 2022"]
[Source "ChessBase"]
[SourceDate "2021.10.06"]
[SourceVersion "1"]
[SourceVersionDate "2021.10.06"]
[SourceQuality "1"]
[WhiteTeam "Kotka KymS"]
[BlackTeam "Tampere Tammer II"]
[WhiteTeamCountry "FIN"]
[BlackTeamCountry "FIN"]

1. e4 e6 2. d3 d5 3. Nd2 Nf6 4. g3 b6 5. Bg2 Bb7 6. e5 Nfd7 7. f4 Be7 8. Ndf3 c5 9. d4 cxd4 10. Nxd4 Nc6 11. c3 0-0 12. Ngf3 Nc5 13. 0-0 Rc8 14. Nxc6 Bxc6 15. Nd4 1/2-1/2

[Event "FIN-chT1 East 1314"]
[Site "Finland"]
[Date "2013.10.12"]
[Round "2"]
[White "Salimaki, Janne"]
[Black "Pietarinen, Petri"]
[Result "1-0"]
[WhiteElo "2135"]
[BlackElo "2108"]
[PlyCount "141"]
[EventDate "2013.09.21"]
[EventType "team-tourn"]
[EventRounds "9"]
[EventCountry "FIN"]
[SourceTitle "EXT 2015"]
[Source "ChessBase"]
[SourceDate "2014.11.20"]
[SourceVersion "1"]
[SourceVersionDate "2014.11.20"]
[SourceQuality "1"]
[WhiteTeam "Espoo MatSK II"]
[BlackTeam "Tampere Tammer II"]
[WhiteTeamCountry "FIN"]
[BlackTeamCountry "FIN"]

1. Nf3 d5 2. c4 e6 3. d4 c5 4. cxd5 exd5 5. Nc3 Nc6 6. Bg5 Be7 7. Bxe7 Ngxe7 8. e3 c4 9. Be2 0-0 10. 0-0 Bf5 11. b3 Qa5 12. Na4 b5 13. Nc5 Qa3 14. Nh4 Be6 15. Qd2 Nf5 16. Nf3 Nd6 17. Ng5 Bf5 18. Bf3 Nb4 19. e4 dxe4 20. Ngxe4 Nxe4 21. Nxe4 Rad8 22. bxc4 bxc4 23. Rfc1 Rc8 24. Nd6 c3 25. Qg5 Bg6 26. Nxc8 Rxc8 27. Bb7 h6 28. Qg3 Nd3 29. Rd1 c2 30. Bxc8 cxd1Q+ 31. Rxd1 Qxa2 32. Bg4 h5 33. Bf3 Qa4 34. d5 h4 35. Qb8+ Kh7 36. h3 Qd4 37. Rd2 Qc3 38. Re2 Qd4 39. Rd2 Bf5 40. Kh2 a5 41. Be2 Qxd5 42. Bxd3 Bxd3 43. Qf4 Qc4 44. Qxc4 Bxc4 45. Rd4 Bb3 46. Rxh4+ Kg6 47. Kg3 a4 48. Rb4 Bc2 49. Kf4 f6 50. Rb7 Bb3 51. Ra7 Bc2 52. g4 Kh6 53. h4 Kg6 54. f3 Kh6 55. h5 Bb3 56. Kf5 Bc2+ 57. Ke6 Bd1 58. Kf7 Bb3+ 59. Kf8 g6 60. hxg6 Kxg6 61. f4 Bd1 62. Rg7+ Kh6 63. g5+ fxg5 64. Rxg5 Bb3 65. Ke7 a3 66. Ra5 a2 67. f5 Kg7 68. f6+ Kg6 69. Ra3 Bc4 70. Rg3+ Kf5 71. Rg1 1-0

[Event "FIN Team Cup"]
[Site "Finland"]
[Date "2013.04.20"]
[Round "2.2"]
[White "Pietarinen, Petri"]
[Black "Nieminen, Samuli"]
[Result "0-1"]
[WhiteElo "2108"]
[BlackElo "2094"]
[PlyCount "48"]
[EventDate "2013.04.06"]
[EventType "team-k.o."]
[EventRounds "6"]
[EventCountry "FIN"]
[SourceTitle "EXT 2022"]
[Source "ChessBase"]
[SourceDate "2021.10.06"]
[SourceVersion "1"]
[SourceVersionDate "2021.10.06"]
[SourceQuality "1"]
[WhiteTeam "Tampere Tammer II"]
[BlackTeam "Salo SK"]
[WhiteTeamCountry "FIN"]
[BlackTeamCountry "FIN"]

1. e4 c6 2. d4 d5 3. exd5 cxd5 4. Bd3 Nc6 5. c3 Qc7 6. h3 Nf6 7. Nf3 g6 8. 0-0 Bf5 9. Bxf5 gxf5 10. g3 Rg8 11. Kh2 e6 12. Bf4 Bd6 13. Bxd6 Qxd6 14. Na3 Ne4 15. Qe1 0-0-0 16. c4 f4 17. g4 h5 18. gxh5 Ng5 19. Nxg5 f3+ 20. Kh1 Rxg5 21. Rg1 Rdg8 22. Rxg5 Rxg5 23. c5 Qf4 24. Qe3 Qf5 0-1

[Event "FIN-chT1 East 1213"]
[Site "Finland"]
[Date "2013.03.09"]
[Round "7.6"]
[White "Pietarinen, Petri"]
[Black "Vetelaeinen, Tomi"]
[Result "0-1"]
[WhiteElo "2134"]
[BlackElo "2057"]
[PlyCount "136"]
[EventDate "2012.09.29"]
[EventType "team-tourn"]
[EventRounds "7"]
[EventCountry "FIN"]
[SourceTitle "EXT 2019"]
[Source "ChessBase"]
[SourceDate "2018.10.10"]
[SourceVersion "1"]
[SourceVersionDate "2018.10.10"]
[SourceQuality "1"]
[WhiteTeam "Tampere Tammer II"]
[BlackTeam "Vantaa Remi"]
[WhiteTeamCountry "FIN"]
[BlackTeamCountry "FIN"]

1. e4 c5 2. Nf3 g6 3. d4 cxd4 4. Nxd4 Bg7 5. Nb3 Nc6 6. Be2 Nf6 7. Nc3 0-0 8. 0-0 d6 9. Bg5 Bd7 10. f4 Rc8 11. Bf3 Re8 12. Nd5 Nxd5 13. exd5 Qb6+ 14. Kh1 Nb8 15. c3 Ba4 16. Bh4 a6 17. Bf2 Qc7 18. Bd4 Bh6 19. f5 Nd7 20. Qe1 Bxb3 21. axb3 Bg7 22. fxg6 hxg6 23. Bxg7 Kxg7 24. Bg4 Rcd8 25. Bxd7 Qxd7 26. Qf2 e5 27. dxe6 Rxe6 28. Ra4 Rde8 29. Rf4 R8e7 30. Rh4 Qb5 31. Rf4 Qd7 32. Qd4+ Kg8 33. Rh4 Re5 34. c4 Qc7 35. Qf2 Rf5 36. Rf4 Rxf4 37. Qxf4 Re2 38. h4 Qe7 39. h5 Re4 40. Qg3 Rh4+ 41. Kg1 Rxh5 42. Rd1 Re5 43. Qf3 Re1+ 44. Rxe1 Qxe1+ 45. Kh2 Qb4 46. g4 b5 47. Qa8+ Kg7 48. Qxa6 Qd2+ 49. Kg3 Qe3+ 50. Kg2 Qd2+ 51. Kg3 Qd3+ 52. Kg2 Qc2+ 53. Kg1 Qc1+ 54. Kf2 Qxb2+ 55. Kf1 Qc1+ 56. Kg2 Qc2+ 57. Kf1 bxc4 58. bxc4 Qd3+ 59. Kf2 d5 60. Qa1+ d4 61. Qc1 Kf6 62. Qf4+ Ke6 63. Qc7 Qe3+ 64. Kg2 Qe2+ 65. Kg3 Qe5+ 66. Qxe5+ Kxe5 67. Kf3 f6 68. Ke2 Ke4 0-1

[Event "FIN-chT1 East 1213"]
[Site "Finland"]
[Date "2012.10.27"]
[Round "2.1"]
[White "Pudas, Teemu"]
[Black "Pietarinen, Petri"]
[Result "1-0"]
[WhiteElo "2300"]
[BlackElo "2134"]
[PlyCount "37"]
[EventDate "2012.09.29"]
[EventType "team-tourn"]
[EventRounds "7"]
[EventCountry "FIN"]
[SourceTitle "EXT 2019"]
[Source "ChessBase"]
[SourceDate "2018.10.10"]
[SourceVersion "1"]
[SourceVersionDate "2018.10.10"]
[SourceQuality "1"]
[WhiteTeam "Espoo ESK"]
[BlackTeam "Tampere Tammer II"]
[WhiteTeamCountry "FIN"]
[BlackTeamCountry "FIN"]

1. e4 e6 2. d4 d5 3. Nc3 Bb4 4. exd5 exd5 5. Bd3 Nc6 6. Nf3 Bg4 7. 0-0 Nxd4 8. Qe1+ Ne6 9. Ne5 Bh5 10. f4 d4 11. a3 Be7 12. Ne4 f6 13. Qh4 Bf7 14. Nxf7 Kxf7 15. Bc4 b5 16. Ba2 g6 17. f5 gxf5 18. Qh5+ Kg7 19. Bxe6 1-0

[Event "FIN-chT1A 1112"]
[Site "Finland"]
[Date "2011.09.17"]
[Round "1"]
[White "Pietarinen, Petri"]
[Black "Vetelaeinen, Tomi"]
[Result "1/2-1/2"]
[WhiteElo "2131"]
[BlackElo "2061"]
[PlyCount "64"]
[EventDate "2011.09.17"]
[EventType "team-tourn"]
[EventRounds "7"]
[EventCountry "FIN"]
[SourceTitle "EXT 2019"]
[Source "ChessBase"]
[SourceDate "2018.10.10"]
[SourceVersion "1"]
[SourceVersionDate "2018.10.10"]
[SourceQuality "1"]
[WhiteTeam "Tampere Tammer II"]
[BlackTeam "Vantaa Remi"]
[WhiteTeamCountry "FIN"]
[BlackTeamCountry "FIN"]

1. e4 e5 2. Nf3 Nc6 3. Bb5 Nf6 4. 0-0 Nxe4 5. d4 Nd6 6. Bxc6 dxc6 7. dxe5 Nf5 8. Qxd8+ Kxd8 9. Nc3 Bd7 10. Ne4 h6 11. Bd2 Kc8 12. Bc3 b6 13. Nd4 a5 14. Rfe1 Bb4 15. Ne2 Re8 16. N2g3 Bxc3 17. Nxc3 Nxg3 18. hxg3 Bf5 19. Re2 Kb7 20. f4 Bg4 21. Rf2 Rad8 22. Rc1 Rd4 23. Ne2 Rd2 24. Nc3 Rd4 25. Ne2 Rb4 26. b3 Re4 27. Nc3 Re3 28. Nd1 Re1+ 29. Rf1 Re2 30. Nc3 Re3 31. Nd1 Re2 32. Nc3 Re3 1/2-1/2

[Event "FIN-chT1D 0809"]
[Site "Finland"]
[Date "2009.??.??"]
[Round "5.1"]
[White "Hintikka, Eero"]
[Black "Pietarinen, Petri"]
[Result "1-0"]
[WhiteElo "2122"]
[BlackElo "2164"]
[PlyCount "35"]
[EventDate "2008.??.??"]
[EventType "team-tourn"]
[EventRounds "5"]
[EventCountry "FIN"]
[SourceTitle "EXT 2022"]
[Source "ChessBase"]
[SourceDate "2021.10.06"]
[SourceVersion "1"]
[SourceVersionDate "2021.10.06"]
[SourceQuality "1"]
[WhiteTeam "Jyvaskyla JyS II"]
[BlackTeam "Tampere Tammer III"]
[WhiteTeamCountry "FIN"]
[BlackTeamCountry "FIN"]

1. e4 e6 2. d4 d5 3. Nc3 Bb4 4. Nge2 dxe4 5. a3 Be7 6. Nxe4 Nf6 7. N2g3 0-0 8. c3 b6 9. Qf3 Nxe4 10. Qxe4 Qd5 11. Bd3 f5 12. Qe2 Qxg2 13. Bf4 e5 14. Bxe5 Bg5 15. Qh5 h6 16. Qg6 Bf6 17. Bc4+ Kh8 18. Bxf6 1-0

[Event "FIN-chT1C 0708 Gr2"]
[Site "Finland"]
[Date "2007.09.16"]
[Round "2.6"]
[White "Satonen, Arto"]
[Black "Pietarinen, Petri"]
[Result "1/2-1/2"]
[WhiteElo "2215"]
[BlackElo "2164"]
[PlyCount "67"]
[EventDate "2007.09.15"]
[EventType "team-tourn"]
[EventRounds "3"]
[EventCountry "FIN"]
[SourceTitle "EXT 2022"]
[Source "ChessBase"]
[SourceDate "2021.10.06"]
[SourceVersion "1"]
[SourceVersionDate "2021.10.06"]
[SourceQuality "1"]
[WhiteTeam "Vammala SK"]
[BlackTeam "Tampere Tammer II"]
[WhiteTeamCountry "FIN"]
[BlackTeamCountry "FIN"]

1. e4 e6 2. Nf3 d5 3. exd5 exd5 4. d4 Nf6 5. c4 Be7 6. Be2 0-0 7. 0-0 Nbd7 8. Nc3 dxc4 9. Bxc4 Nb6 10. Bb3 Nbd5 11. Bg5 Be6 12. Re1 c6 13. Ne5 h6 14. Bh4 Bf5 15. Qf3 Be6 16. Ng6 fxg6 17. Rxe6 g5 18. Bg3 Kh8 19. Rae1 Bb4 20. Qd3 Qd7 21. Bc2 Rae8 22. Rxe8 Rxe8 23. Be5 Nf4 24. Qf3 Qxd4 25. Qe3 Qxe3 26. Rxe3 Bxc3 27. bxc3 N4d5 28. Re1 b5 29. Kf1 Kg8 30. Bf5 Kf7 31. Bd4 Rxe1+ 32. Kxe1 Nb6 33. Kd2 Nfd5 34. g3 1/2-1/2

[Event "FIN-chT1C 0102"]
[Site "Finland"]
[Date "2001.10.??"]
[Round "1.5"]
[White "Pietarinen, Petri"]
[Black "Lardot, Derik"]
[Result "1/2-1/2"]
[WhiteElo "2166"]
[BlackElo "2023"]
[PlyCount "123"]
[EventDate "2001.10.??"]
[EventType "team-tourn"]
[EventRounds "7"]
[EventCountry "FIN"]
[SourceTitle "EXT 2022"]
[Source "ChessBase"]
[SourceDate "2021.10.06"]
[SourceVersion "1"]
[SourceVersionDate "2021.10.06"]
[SourceQuality "1"]
[WhiteTeam "Tampere SY"]
[BlackTeam "Oulu OSS"]
[WhiteTeamCountry "FIN"]
[BlackTeamCountry "FIN"]

1. e4 e5 2. Nf3 Nc6 3. Nc3 Nf6 4. d4 exd4 5. Nxd4 Bb4 6. Nxc6 bxc6 7. Bd3 d5 8. exd5 cxd5 9. 0-0 0-0 10. Bg5 c6 11. Qf3 Be6 12. Bxf6 Qxf6 13. Qxf6 gxf6 14. Ne2 c5 15. c3 Ba5 16. Ng3 Rab8 17. Rab1 Rb6 18. Nh5 Rfb8 19. b4 cxb4 20. cxb4 Bxb4 21. Nxf6+ Kh8 22. Nh5 Bd6 23. Rxb6 Rxb6 24. Rb1 h6 25. Rxb6 axb6 26. Ng3 d4 27. Nf5 Bc5 28. a4 Bb3 29. Nxh6 Kg7 30. Nf5+ Kf6 31. Kf1 Bxa4 32. Ke2 Bd7 33. Ng3 Ke5 34. h4 b5 35. h5 Bf8 36. Ne4 b4 37. f3 f5 38. Nd2 Be8 39. g4 fxg4 40. fxg4 Kf4 41. Nb3 Kxg4 42. Nxd4 Bxh5 43. Bc4 Kf4+ 44. Kd2 Ke4 45. Nc6 Be8 46. Bd3+ Kd5 47. Nxb4+ Bxb4+ 48. Ke3 Bc5+ 49. Kf4 Kd4 50. Bf5 Bd6+ 51. Kf3 Bc6+ 52. Kg4 Ke3 53. Kg5 Be7+ 54. Kg6 Be8+ 55. Kg7 Kf4 56. Bg6 Bd7 57. Kf7 Bg5 58. Bd3 Ke5 59. Bc4 Bf6 60. Bb3 Bg4 61. Ke8 Bg5 62. Bc4 1/2-1/2